=LDR 00000nam 2200000 4500 =001 INLIS000000000032825 =005 20130612134820 =008 ***********************************ind** =035 ##$$0010-061300000032825 =041 ##$$a ind =082 ##$$a 909 =090 ##$$a 909, Zul h =100 ##$$a Zulkifli =245 ##$$a Hamas vs Islael, Aksi berani Militan Hamas Menghadapi Gempuran Senjata Berteknologi Canggih Milik Israel, Zulkifli =260 ##$$a 2009 $b Yogyakarta =300 ##$$a 128 hlm., Ilus., 21 cm =650 ##$$a Sejarah Dunia - Perang =850 ##$$a NBPNMAT =990 ##$$a 0001/BPAP-NTB/2016